00270nam a2200097 a 450000500170000000800410001705000180005810000200007624500350009626000410013120140414131856.0100828s19uu xx 00 eng d aFILbM11 1993 aGatmaitan, Luis aMay giyera sa katawan ni Mark. aManila, Philippines :bHiyas,c1993.